[Event "SRB-chT 2nd League"]
[Site "Vrnjacka Banja"]
[Date "2022.11.09"]
[Round "8.3"]
[White "Desnica, Vladan"]
[Black "Kopasz, Robert"]
[Result "1-0"]
[WhiteElo "2299"]
[BlackElo "2239"]
[PlyCount "49"]
[EventDate "2022.11.04"]
[EventType "team-tourn"]
[EventRounds "11"]
[EventCountry "SRB"]
[SourceTitle "CBM 211 Extra"]
[Source "ChessBase"]
[SourceDate "2023.01.31"]
[SourceVersion "1"]
[SourceVersionDate "2023.01.31"]
[SourceQuality "1"]
[WhiteTeam "Petrovaradin Kraljica"]
[BlackTeam "Senta"]
[WhiteTeamCountry "SRB"]
[BlackTeamCountry "SRB"]

1. d4 d5 2. c4 e6 3. Nf3 Nf6 4. Nc3 Bb4 5. Qa4+ Nc6 6. e3 0-0 7. Bd2 a6 8. Qc2 Re8 9. a3 Bd6 10. Be2 dxc4 11. Bxc4 e5 12. Ng5 Rf8 13. h4 exd4 14. Nd5 g6 15. h5 Nxd5 16. Nxf7 Rxf7 17. hxg6 Rg7 18. Qe4 Kh8 19. Qxd5 Bd7 20. gxh7 Rxh7 21. Rxh7+ Kxh7 22. Qf7+ Kh8 23. 0-0-0 Qh4 24. Qxd7 Ne5 25. Qe6 1-0

[Event "SRB-chT 2nd League"]
[Site "Vrnjacka Banja"]
[Date "2022.11.08"]
[Round "7.5"]
[White "Djoric, Dusan"]
[Black "Kopasz, Robert"]
[Result "0-1"]
[WhiteElo "2201"]
[BlackElo "2239"]
[PlyCount "70"]
[EventDate "2022.11.04"]
[EventType "team-tourn"]
[EventRounds "11"]
[EventCountry "SRB"]
[SourceTitle "CBM 211 Extra"]
[Source "ChessBase"]
[SourceDate "2023.01.31"]
[SourceVersion "1"]
[SourceVersionDate "2023.01.31"]
[SourceQuality "1"]
[WhiteTeam "Pancevo Gligoric"]
[BlackTeam "Senta"]
[WhiteTeamCountry "SRB"]
[BlackTeamCountry "SRB"]

1. d4 Nf6 2. Nf3 g6 3. g3 Bg7 4. Bg2 0-0 5. 0-0 d6 6. Nc3 Nbd7 7. e4 e5 8. dxe5 dxe5 9. h3 c6 10. a4 Qc7 11. Be3 Re8 12. Nd2 b6 13. Re1 Nf8 14. Nc4 Rd8 15. Qc1 Ne6 16. Ne2 Ba6 17. b3 Nd7 18. Rd1 Bxc4 19. bxc4 a5 20. c3 Ndc5 21. Qc2 Bf8 22. h4 Rxd1+ 23. Rxd1 Rd8 24. Rxd8 Qxd8 25. Nc1 Qd6 26. Nb3 Nxa4 27. Nxa5 bxa5 28. Qxa4 Qc7 29. Bh3 Nc5 30. Bxc5 Bxc5 31. Kg2 Qb6 32. Bd7 Qb2 33. Qxa5 Qxf2+ 34. Kh3 Qf1+ 35. Kg4 h5+ 0-1

[Event "SRB-chT 2nd League"]
[Site "Vrnjacka Banja"]
[Date "2022.11.08"]
[Round "6.2"]
[White "Strbac, Mladen"]
[Black "Kopasz, Robert"]
[Result "0-1"]
[WhiteElo "2290"]
[BlackElo "2239"]
[PlyCount "96"]
[EventDate "2022.11.04"]
[EventType "team-tourn"]
[EventRounds "11"]
[EventCountry "SRB"]
[SourceTitle "CBM 211 Extra"]
[Source "ChessBase"]
[SourceDate "2023.01.31"]
[SourceVersion "1"]
[SourceVersionDate "2023.01.31"]
[SourceQuality "1"]
[WhiteTeam "Krajisnik Krajina"]
[BlackTeam "Senta"]
[WhiteTeamCountry "SRB"]
[BlackTeamCountry "SRB"]

1. e4 c6 2. d4 d5 3. f3 g6 4. Nc3 Bg7 5. Be3 dxe4 6. fxe4 Nf6 7. Nf3 Qb6 8. Qd2 Ng4 9. Bf4 e5 10. Nxe5 Nxe5 11. Bxe5 Bxe5 12. dxe5 Qxb2 13. Rd1 0-0 14. h4 Be6 15. h5 Qa3 16. hxg6 fxg6 17. Qd4 c5 18. Qe3 Nc6 19. Rd6 Nd4 20. Kd2 Rf7 21. Nd5 Qxe3+ 22. Kxe3 Bxd5 23. Rxd5 Nxc2+ 24. Kd2 Rf2+ 25. Kc3 Ne3 26. Bc4 Nxc4 27. Kxc4 Rc2+ 28. Kb3 Rxg2 29. Rd7 h5 30. Rxb7 Rc8 31. Rc1 c4+ 32. Rxc4 Rb2+ 33. Kxb2 Rxc4 34. Rxa7 Rxe4 35. a4 h4 36. Ra8+ Kf7 37. a5 Rxe5 38. Rh8 Rxa5 39. Rxh4 Rc5 40. Kb3 Kf6 41. Rh1 g5 42. Rf1+ Kg6 43. Rg1 Kf5 44. Rf1+ Ke4 45. Rg1 Kf4 46. Kb4 Rc8 47. Rf1+ Ke3 48. Rg1 Rg8 0-1

[Event "SRB-chT 2nd League"]
[Site "Vrnjacka Banja"]
[Date "2022.11.06"]
[Round "4.1"]
[White "Jotic, Vladimir"]
[Black "Kopasz, Robert"]
[Result "1-0"]
[WhiteElo "2304"]
[BlackElo "2239"]
[PlyCount "65"]
[EventDate "2022.11.04"]
[EventType "team-tourn"]
[EventRounds "11"]
[EventCountry "SRB"]
[SourceTitle "CBM 211 Extra"]
[Source "ChessBase"]
[SourceDate "2023.01.31"]
[SourceVersion "1"]
[SourceVersionDate "2023.01.31"]
[SourceQuality "1"]
[WhiteTeam "Sombor"]
[BlackTeam "Senta"]
[WhiteTeamCountry "SRB"]
[BlackTeamCountry "SRB"]

1. Nf3 Nf6 2. g3 g6 3. Bg2 Bg7 4. 0-0 0-0 5. c4 d6 6. Nc3 c5 7. a3 Nc6 8. d3 e5 9. Bg5 h6 10. Bxf6 Bxf6 11. Ne1 Bg7 12. Nc2 Be6 13. Ne3 Rb8 14. Rb1 Qd7 15. b4 Ne7 16. Qa4 Qxa4 17. Nxa4 b6 18. Nc3 Rfd8 19. b5 h5 20. Ned5 Bxd5 21. Bxd5 Bh6 22. Rb2 Kg7 23. a4 f5 24. a5 Bg5 25. Ra2 Kf6 26. e3 Rd7 27. axb6 axb6 28. Rfa1 Kg7 29. Ra7 Rxa7 30. Rxa7 Kf8 31. Be6 Bf6 32. Na4 Ke8 33. Ra6 1-0

[Event "HUN-chT 2122"]
[Site "Hungary"]
[Date "2022.02.27"]
[Round "7.3"]
[White "Kopasz, Robert"]
[Black "Palac, Mladen"]
[Result "1/2-1/2"]
[WhiteElo "2305"]
[BlackElo "2517"]
[PlyCount "66"]
[EventDate "2021.10.10"]
[EventType "team-tourn"]
[EventRounds "9"]
[EventCountry "HUN"]
[SourceTitle "EXT 2023"]
[Source "ChessBase"]
[SourceDate "2022.10.05"]
[SourceVersion "1"]
[SourceVersionDate "2022.10.05"]
[SourceQuality "1"]
[WhiteTeam "Maroczy"]
[BlackTeam "Haladas"]
[WhiteTeamCountry "HUN"]
[BlackTeamCountry "HUN"]

1. e4 c5 2. Nf3 d6 3. Bb5+ Nd7 4. c4 Ngf6 5. Nc3 g6 6. 0-0 Bg7 7. d3 0-0 8. h3 Nb6 9. Be3 e5 10. a3 a6 11. Ba4 Nxa4 12. Qxa4 Bd7 13. Qc2 h6 14. b4 b6 15. Rab1 Bc6 16. Rb2 Nd7 17. bxc5 bxc5 18. Rfb1 f5 19. Nd5 Rf7 20. Qd1 Kh7 21. Bd2 Nf6 22. Qe2 Nxd5 23. cxd5 Bb5 24. Qe3 Qd7 25. Be1 Raf8 26. Nd2 Bf6 27. Nc4 fxe4 28. Qxe4 Bg7 29. a4 Rf4 30. axb5 Rxe4 31. dxe4 axb5 32. Rxb5 Rf7 33. Ra5 Qd8 1/2-1/2

[Event "HUN-chT 2122"]
[Site "Hungary"]
[Date "2022.02.13"]
[Round "6.7"]
[White "Tatar Kis, Szabolcs"]
[Black "Kopasz, Robert"]
[Result "1-0"]
[WhiteElo "2365"]
[BlackElo "2305"]
[PlyCount "73"]
[EventDate "2021.10.10"]
[EventType "team-tourn"]
[EventRounds "9"]
[EventCountry "HUN"]
[SourceTitle "EXT 2023"]
[Source "ChessBase"]
[SourceDate "2022.10.05"]
[SourceVersion "1"]
[SourceVersionDate "2022.10.05"]
[SourceQuality "1"]
[WhiteTeam "Mako Duocor"]
[BlackTeam "Maroczy"]
[WhiteTeamCountry "HUN"]
[BlackTeamCountry "HUN"]

1. e4 e5 2. Nf3 Nc6 3. Bc4 Be7 4. 0-0 Nf6 5. d3 0-0 6. Nc3 d6 7. a4 Be6 8. Nd5 Qd7 9. c3 Bd8 10. Re1 Re8 11. a5 a6 12. Qb3 Qc8 13. h3 h6 14. Bd2 Kh8 15. Kh2 Bxd5 16. exd5 Ne7 17. Re2 Ng6 18. Rae1 b5 19. axb6 cxb6 20. d4 e4 21. Bd3 Qf5 22. Qc2 Qxd5 23. c4 Qb7 24. Bxe4 Nxe4 25. Rxe4 Rxe4 26. Rxe4 Bf6 27. b3 d5 28. Re1 Rc8 29. c5 Ne7 30. b4 Nc6 31. Qd3 bxc5 32. bxc5 Rd8 33. Rb1 Qc7+ 34. g3 Rb8 35. Bf4 Qc8 36. Bxb8 Nxb8 37. Qb3 1-0

[Event "HUN-chT 2122"]
[Site "Hungary"]
[Date "2021.12.05"]
[Round "3.7"]
[White "Kopasz, Robert"]
[Black "Torma, Robert"]
[Result "0-1"]
[WhiteElo "2305"]
[BlackElo "2429"]
[PlyCount "132"]
[EventDate "2021.10.10"]
[EventType "team-tourn"]
[EventRounds "9"]
[EventCountry "HUN"]
[SourceTitle "EXT 2023"]
[Source "ChessBase"]
[SourceDate "2022.10.05"]
[SourceVersion "1"]
[SourceVersionDate "2022.10.05"]
[SourceQuality "1"]
[WhiteTeam "Maroczy"]
[BlackTeam "Biatorbagy"]
[WhiteTeamCountry "HUN"]
[BlackTeamCountry "HUN"]

1. e4 e6 2. d4 d5 3. Nd2 c5 4. exd5 Qxd5 5. Ngf3 cxd4 6. Bc4 Qd6 7. 0-0 Nf6 8. Nb3 Nc6 9. Nbxd4 Nxd4 10. Qxd4 Qxd4 11. Nxd4 Bc5 12. Nb3 Be7 13. Bf4 Bd7 14. c3 0-0 15. Rfd1 Bc6 16. Be2 Be4 17. c4 Rfd8 18. Kf1 Bc2 19. Rxd8+ Rxd8 20. Na5 Rd7 21. Rc1 Be4 22. f3 Bb4 23. Nb3 Bc6 24. Rd1 Ba4 25. Be3 Bxb3 26. axb3 Rxd1+ 27. Bxd1 b6 28. Bc2 Nd7 29. Ke2 f5 30. g4 g6 31. h3 Kf7 32. Bd4 a5 33. Bb1 Bd6 34. Bc3 Be5 35. Bc2 h5 36. Ke3 Bd6 37. Ke2 Bf8 38. Ke3 Bd6 39. Ke2 Ke7 40. Ke3 hxg4 41. hxg4 Kf7 42. Ke2 Bc5 43. Bd3 Ke7 44. Bc2 Kd6 45. Bb1 Nb8 46. Bc2 Nc6 47. Bd1 Bd4 48. gxf5 exf5 49. f4 Kc5 50. Kd3 Bxc3 51. bxc3 Nd8 52. b4+ axb4 53. cxb4+ Kxb4 54. Kd4 Nb7 55. Be2 Na5 56. Kd5 Kc3 57. c5 bxc5 58. Kxc5 Nb3+ 59. Kd5 Nc1 60. Bb5 Nd3 61. Be8 Nxf4+ 62. Ke5 Nd3+ 63. Kf6 f4 64. Bxg6 f3 65. Be4 f2 66. Bg2 Nf4 0-1

[Event "Vojvodina-chT 21st"]
[Site "Backa Palanka"]
[Date "2021.10.27"]
[Round "7.3"]
[White "Remecki, Sinisa"]
[Black "Kopasz, Robert"]
[Result "1-0"]
[WhiteElo "2297"]
[BlackElo "2312"]
[PlyCount "67"]
[EventDate "2021.10.23"]
[EventType "team-tourn"]
[EventRounds "11"]
[EventCountry "SRB"]
[SourceTitle "CBM 204 Extra"]
[Source "ChessBase"]
[SourceDate "2021.11.30"]
[SourceVersion "1"]
[SourceVersionDate "2021.11.30"]
[SourceQuality "1"]
[WhiteTeam "Petrovaradin Kraljica"]
[BlackTeam "Senta"]
[WhiteTeamCountry "SRB"]
[BlackTeamCountry "SRB"]

1. d4 Nf6 2. Nc3 g6 3. e4 d6 4. f4 Bg7 5. Nf3 0-0 6. Bd3 Nc6 7. e5 dxe5 8. fxe5 Nd5 9. Nxd5 Qxd5 10. c3 Bg4 11. Qe2 e6 12. Be4 Qd7 13. 0-0 Rab8 14. Bg5 h6 15. Bf6 Ne7 16. Rae1 Nd5 17. h3 Bf5 18. Bxd5 exd5 19. g4 Be6 20. Qd3 b6 21. Nh4 c5 22. Bxg7 Kxg7 23. Rf6 Qe8 24. Ref1 Rg8 25. Ng2 Rb7 26. Nf4 cxd4 27. cxd4 Kh8 28. Qe3 Kh7 29. Kh2 Rc7 30. Kg3 Rc2 31. Nxe6 fxe6 32. h4 Rc7 33. h5 Kh8 34. hxg6 1-0

[Event "Vojvodina-chT 21st"]
[Site "Backa Palanka"]
[Date "2021.10.26"]
[Round "5.3"]
[White "Zlatanovic, Boroljub"]
[Black "Kopasz, Robert"]
[Result "1/2-1/2"]
[WhiteElo "2330"]
[BlackElo "2312"]
[PlyCount "39"]
[EventDate "2021.10.23"]
[EventType "team-tourn"]
[EventRounds "11"]
[EventCountry "SRB"]
[SourceTitle "CBM 204 Extra"]
[Source "ChessBase"]
[SourceDate "2021.11.30"]
[SourceVersion "1"]
[SourceVersionDate "2021.11.30"]
[SourceQuality "1"]
[WhiteTeam "Opovo Bata Cosic"]
[BlackTeam "Senta"]
[WhiteTeamCountry "SRB"]
[BlackTeamCountry "SRB"]

1. e4 e5 2. Nc3 Nc6 3. Bc4 Nf6 4. Nf3 Bc5 5. d3 d6 6. 0-0 a6 7. Be3 Bg4 8. h3 Bxf3 9. Qxf3 Nd4 10. Bxd4 Bxd4 11. Ne2 Bb6 12. Qg3 0-0 13. Kh1 c6 14. Bb3 Bc7 15. Qf3 d5 16. Ng3 g6 17. Rad1 dxe4 18. Nxe4 Nxe4 19. dxe4 Qe7 20. Rd3 1/2-1/2

[Event "Vojvodina-chT 21st"]
[Site "Backa Palanka"]
[Date "2021.10.24"]
[Round "2.3"]
[White "Kopasz, Robert"]
[Black "Milanovic, Stanko"]
[Result "1/2-1/2"]
[WhiteElo "2312"]
[BlackElo "2166"]
[PlyCount "27"]
[EventDate "2021.10.23"]
[EventType "team-tourn"]
[EventRounds "11"]
[EventCountry "SRB"]
[SourceTitle "CBM 204 Extra"]
[Source "ChessBase"]
[SourceDate "2021.11.30"]
[SourceVersion "1"]
[SourceVersionDate "2021.11.30"]
[SourceQuality "1"]
[WhiteTeam "Senta"]
[BlackTeam "Krajisnik Krajina"]
[WhiteTeamCountry "SRB"]
[BlackTeamCountry "SRB"]

1. c4 c5 2. Nc3 Nc6 3. g3 g6 4. Bg2 Bg7 5. e3 e6 6. Nge2 Nge7 7. b3 0-0 8. Bb2 b6 9. d4 cxd4 10. Nxd4 Bb7 11. 0-0 d5 12. Nxc6 Bxc6 13. cxd5 Nxd5 14. Nxd5 1/2-1/2

[Event "Vojvodina-chT 21st"]
[Site "Backa Palanka"]
[Date "2021.10.24"]
[Round "3.3"]
[White "Rogac, Srdjan"]
[Black "Kopasz, Robert"]
[Result "1/2-1/2"]
[WhiteElo "2310"]
[BlackElo "2312"]
[PlyCount "60"]
[EventDate "2021.10.23"]
[EventType "team-tourn"]
[EventRounds "11"]
[EventCountry "SRB"]
[SourceTitle "CBM 204 Extra"]
[Source "ChessBase"]
[SourceDate "2021.11.30"]
[SourceVersion "1"]
[SourceVersionDate "2021.11.30"]
[SourceQuality "1"]
[WhiteTeam "Jazak Car Uros"]
[BlackTeam "Senta"]
[WhiteTeamCountry "SRB"]
[BlackTeamCountry "SRB"]

1. Nf3 Nf6 2. c4 e6 3. b3 d5 4. Bb2 Be7 5. g3 0-0 6. Bg2 c5 7. 0-0 Nc6 8. e3 dxc4 9. bxc4 Qc7 10. Nc3 Rd8 11. Qe2 Bd7 12. Rac1 Be8 13. Rfd1 Na5 14. d3 Rac8 15. Ne1 b6 16. f4 Bc6 17. Nf3 a6 18. e4 Bb7 19. e5 Ne8 20. Ne4 Nc6 21. g4 Rd7 22. a3 Qd8 23. g5 Nd4 24. Bxd4 Bxe4 25. Qxe4 cxd4 26. a4 g6 27. Bh3 Bc5 28. Bg4 Rdc7 29. Ra1 Qd7 30. Rdb1 a5 1/2-1/2

[Event "Vojvodina-chT 2nd League"]
[Site "Backa Palanka"]
[Date "2020.10.23"]
[Round "11.2"]
[White "Kopasz, Robert"]
[Black "Matovic, Petar"]
[Result "1-0"]
[WhiteElo "2316"]
[BlackElo "2082"]
[PlyCount "55"]
[EventDate "2020.10.16"]
[EventType "team-tourn"]
[EventRounds "11"]
[EventCountry "SRB"]
[SourceTitle "EXT 2022"]
[Source "ChessBase"]
[SourceDate "2021.10.06"]
[SourceVersion "1"]
[SourceVersionDate "2021.10.06"]
[SourceQuality "1"]
[WhiteTeam "Senta"]
[BlackTeam "Vojka Sremac"]
[WhiteTeamCountry "SRB"]
[BlackTeamCountry "SRB"]

1. e4 c5 2. b3 Nc6 3. Bb2 d6 4. Bb5 Bd7 5. Nf3 e5 6. 0-0 g6 7. c3 Bg7 8. d4 Nge7 9. Na3 Qc7 10. Nc4 0-0 11. dxc5 dxc5 12. Ne3 a6 13. Bc4 Rad8 14. Qe2 b5 15. Bd5 Bc8 16. Rfd1 b4 17. Rac1 Nxd5 18. Nxd5 Qa7 19. cxb4 Nxb4 20. Nxb4 Rxd1+ 21. Qxd1 cxb4 22. Bxe5 Bg4 23. Bxg7 Bxf3 24. gxf3 Kxg7 25. Rc4 a5 26. Qd6 Kg8 27. Rc7 Qa8 28. Kg2 1-0

[Event "Vojvodina-chT 2nd League"]
[Site "Backa Palanka"]
[Date "2020.10.22"]
[Round "10.2"]
[White "Pajcin, Lav"]
[Black "Kopasz, Robert"]
[Result "0-1"]
[WhiteElo "2134"]
[BlackElo "2316"]
[PlyCount "110"]
[EventDate "2020.10.16"]
[EventType "team-tourn"]
[EventRounds "11"]
[EventCountry "SRB"]
[SourceTitle "EXT 2022"]
[Source "ChessBase"]
[SourceDate "2021.10.06"]
[SourceVersion "1"]
[SourceVersionDate "2021.10.06"]
[SourceQuality "1"]
[WhiteTeam "Petrovaradin Kraljica"]
[BlackTeam "Senta"]
[WhiteTeamCountry "SRB"]
[BlackTeamCountry "SRB"]

1. d4 Nf6 2. Nc3 d6 3. Bg5 Nbd7 4. Qd2 h6 5. Bh4 g5 6. Bg3 Nh5 7. e4 Bg7 8. Nge2 c5 9. dxc5 Nxc5 10. Nd4 Bd7 11. Be2 Nxg3 12. hxg3 Qa5 13. Rd1 Rc8 14. a3 Ne6 15. Nb3 Qc7 16. Nd5 Qxc2 17. 0-0 Qxb3 18. Nxe7 Nd4 19. Nxc8 Bxc8 20. Rc1 Nxe2+ 21. Qxe2 0-0 22. Rc2 Be6 23. Rfc1 d5 24. e5 Rd8 25. Rd2 a6 26. Rd4 Rc8 27. Rxc8+ Bxc8 28. Rb4 Qa2 29. Qc2 Be6 30. f4 gxf4 31. gxf4 Qa1+ 32. Kf2 Bf8 33. Rxb7 Qh1 34. f5 Qh4+ 35. Kf3 Qh5+ 36. g4 Qh1+ 37. Qg2 Qd1+ 38. Kg3 Bc8 39. Rc7 Qb3+ 40. Qf3 Qb8 41. Qc3 Bb7 42. Rd7 Ba8 43. Rc7 d4 44. Qc4 Bd5 45. Qc1 Qb3+ 46. Kh4 Qf3 47. Qe1 Qf4 48. Kh3 d3 49. Rc3 Bf3 50. Qh4 d2 51. Rd3 d1Q 52. Rxd1 Bxd1 53. Qg3 Qf1+ 54. Kh4 Bc5 55. Kh5 Qxf5+ 0-1

[Event "Vojvodina-chT 2nd League"]
[Site "Backa Palanka"]
[Date "2020.10.17"]
[Round "2.2"]
[White "Bulajic, Ratko"]
[Black "Kopasz, Robert"]
[Result "1/2-1/2"]
[WhiteElo "2247"]
[BlackElo "2316"]
[PlyCount "34"]
[EventDate "2020.10.16"]
[EventType "team-tourn"]
[EventRounds "11"]
[EventCountry "SRB"]
[SourceTitle "EXT 2022"]
[Source "ChessBase"]
[SourceDate "2021.10.06"]
[SourceVersion "1"]
[SourceVersionDate "2021.10.06"]
[SourceQuality "1"]
[WhiteTeam "Sombor"]
[BlackTeam "Senta"]
[WhiteTeamCountry "SRB"]
[BlackTeamCountry "SRB"]

1. d4 d5 2. c4 c6 3. Nf3 Nf6 4. Nc3 g6 5. Bf4 Bg7 6. e3 0-0 7. Bd3 Nbd7 8. h3 dxc4 9. Bxc4 Nb6 10. Bb3 Nbd5 11. Be5 b6 12. Bc4 Bb7 13. 0-0 Nxc3 14. bxc3 c5 15. Qe2 Ne4 16. Bxg7 Kxg7 17. Rac1 Rc8 1/2-1/2

[Event "Battle of Senta op 24th"]
[Site "Senta"]
[Date "2020.07.13"]
[Round "4"]
[White "Kopasz, Robert"]
[Black "Daroczi, Donat"]
[Result "1/2-1/2"]
[WhiteElo "2333"]
[BlackElo "1946"]
[PlyCount "47"]
[EventDate "2020.07.11"]
[EventType "swiss"]
[EventRounds "9"]
[EventCountry "SRB"]
[SourceTitle "CBM 197 Extra"]
[Source "ChessBase"]
[SourceDate "2020.09.30"]
[SourceVersion "1"]
[SourceVersionDate "2020.09.30"]
[SourceQuality "1"]

1. e4 e6 2. d4 d5 3. Nc3 Nf6 4. e5 Nfd7 5. f4 c5 6. Nf3 Nc6 7. Be3 a6 8. Qd2 b5 9. Be2 Qb6 10. Nd1 cxd4 11. Nxd4 Nxd4 12. Bxd4 Bc5 13. c3 a5 14. a3 0-0 15. Nf2 f6 16. Qe3 fxe5 17. fxe5 Bxd4 18. cxd4 b4 19. 0-0 Ba6 20. Bxa6 Rxa6 21. Rfc1 Raa8 22. Nd3 Rac8 23. axb4 axb4 24. Nc5 1/2-1/2

[Event "Battle of Senta op 24th"]
[Site "Senta"]
[Date "2020.07.12"]
[Round "2"]
[White "Stojanovic, Mihajlo"]
[Black "Kopasz, Robert"]
[Result "1-0"]
[WhiteElo "2487"]
[BlackElo "2333"]
[PlyCount "93"]
[EventDate "2020.07.11"]
[EventType "swiss"]
[EventRounds "9"]
[EventCountry "SRB"]
[SourceTitle "CBM 197 Extra"]
[Source "ChessBase"]
[SourceDate "2020.09.30"]
[SourceVersion "1"]
[SourceVersionDate "2020.09.30"]
[SourceQuality "1"]

1. d4 Nf6 2. c4 g6 3. Nc3 Bg7 4. e4 d6 5. f3 0-0 6. Nge2 e5 7. Bg5 c6 8. Qd2 Nbd7 9. d5 cxd5 10. Nxd5 Nb6 11. Nxb6 Qxb6 12. Nc3 Be6 13. Be2 Rfc8 14. b3 a6 15. Rc1 Rc6 16. Be3 Qa5 17. 0-0 Rac8 18. Rc2 Nd7 19. Rfc1 f5 20. exf5 gxf5 21. Nd5 Qxd2 22. Rxd2 Bxd5 23. Rxd5 Nf6 24. Rdd1 Kf7 25. f4 Kg6 26. Rc2 Bh6 27. Bf3 e4 28. Be2 d5 29. h3 dxc4 30. Rxc4 b5 31. Rxc6 Rxc6 32. g4 Bf8 33. Kf2 Rd6 34. Rg1 h6 35. gxf5+ Kxf5 36. Bg4+ Kg6 37. Be6+ Kh7 38. Bf5+ Kh8 39. Ke2 Rd5 40. Be6 Rd6 41. f5 Bg7 42. Rc1 Rd8 43. Bb6 Re8 44. Rc6 Nh5 45. Ke3 Ng3 46. Bc7 Nf1+ 47. Ke2 1-0

[Event "HUN-chT 1920"]
[Site "Hungary"]
[Date "2020.03.08"]
[Round "7.6"]
[White "Hajnal, Zoltan"]
[Black "Kopasz, Robert"]
[Result "1/2-1/2"]
[WhiteElo "2386"]
[BlackElo "2351"]
[PlyCount "70"]
[EventDate "2019.11.16"]
[EventType "team-tourn"]
[EventRounds "9"]
[EventCountry "HUN"]
[SourceTitle "CBM 195 Extra"]
[Source "ChessBase"]
[SourceDate "2020.05.31"]
[SourceVersion "1"]
[SourceVersionDate "2020.05.31"]
[SourceQuality "1"]
[WhiteTeam "Mako Duocor"]
[BlackTeam "Maroczy"]
[WhiteTeamCountry "HUN"]
[BlackTeamCountry "HUN"]

1. e4 c6 2. d4 d5 3. Nc3 g6 4. Nf3 Bg4 5. h3 Bxf3 6. Qxf3 e6 7. Bf4 Nf6 8. e5 Nfd7 9. 0-0-0 b5 10. Bd3 b4 11. Ne2 Qb6 12. h4 Be7 13. Kb1 c5 14. dxc5 Qxc5 15. Qg3 Nc6 16. Rc1 Nb6 17. c3 Nc4 18. b3 Rb8 19. Ka1 Qa5 20. Nd4 Rb6 21. Nxc6 Rxc6 22. cxb4 Bxb4 23. Bxc4 dxc4 24. Qf3 Qc7 25. Qe4 0-0 26. Rxc4 Rxc4 27. Qxc4 Bc3+ 28. Kb1 Qa5 29. h5 Bxe5 30. hxg6 hxg6 31. Bxe5 Qxe5 32. Qh4 Qf5+ 33. Ka1 Qe5+ 34. Kb1 Qf5+ 35. Ka1 Qe5+ 1/2-1/2

[Event "HUN-chT 1920"]
[Site "Hungary"]
[Date "2019.12.15"]
[Round "4.6"]
[White "Kopasz, Robert"]
[Black "Polak, Tomas"]
[Result "1/2-1/2"]
[WhiteElo "2351"]
[BlackElo "2551"]
[PlyCount "148"]
[EventDate "2019.11.16"]
[EventType "team-tourn"]
[EventRounds "9"]
[EventCountry "HUN"]
[SourceTitle "CBM 193 Extra"]
[Source "ChessBase"]
[SourceDate "2020.01.31"]
[SourceVersion "1"]
[SourceVersionDate "2020.01.31"]
[SourceQuality "1"]
[WhiteTeam "Maroczy"]
[BlackTeam "HVSE Infraplan"]
[WhiteTeamCountry "HUN"]
[BlackTeamCountry "HUN"]

1. c4 e5 2. Nc3 Nc6 3. g3 d6 4. Bg2 Be6 5. d3 Qd7 6. Rb1 g6 7. b4 Bg7 8. Nd5 Nd8 9. e4 c6 10. Nc3 Ne7 11. Nf3 h6 12. 0-0 0-0 13. b5 f5 14. bxc6 bxc6 15. exf5 gxf5 16. Nh4 Nf7 17. Ne2 d5 18. Ba3 Rfe8 19. d4 dxc4 20. dxe5 Nxe5 21. Nf4 Nd5 22. Nxe6 Qxe6 23. Qh5 f4 24. Rb7 Qg4 25. Qxg4 Nxg4 26. Bh3 h5 27. Nf5 Bf8 28. Bc1 Reb8 29. Rxb8 Rxb8 30. gxf4 Kf7 31. Nd4 Bc5 32. Nxc6 Rg8 33. Bg2 Nc3 34. h3 Ne2+ 35. Kh1 Nxf2+ 36. Kh2 Kf6 37. Ne5 Kf5 38. Nxc4 Nxf4 39. Nd6+ Bxd6 40. Rxf2 Rxg2+ 41. Rxg2 Nd3+ 42. Kh1 Nxc1 43. Rg7 Bc5 44. h4 Be3 45. Kg2 Ke4 46. Re7+ Kf4 47. Rg7 Nd3 48. Rg5 Ke4 49. Ra5 Bc5 50. Ra4+ Ke3 51. Ra6 Bb6 52. Ra3 Bc5 53. Ra6 Nf4+ 54. Kg3 Ne2+ 55. Kg2 Bb6 56. a4 Nf4+ 57. Kg3 Nd3 58. a5 Bd4 59. Rh6 Be5+ 60. Kg2 Nf4+ 61. Kg3 Nd5+ 62. Kg2 Nf6 63. Rg6 Ke4 64. Rg7 Bd4 65. Kg3 Ke3 66. Kg2 Kd3 67. Kf3 Kc4 68. Rb7 a6 69. Kf4 Bc3 70. Kg5 Nd5 71. Kxh5 Bxa5 72. Kg6 Bd2 73. h5 Nf4+ 74. Kg5 Nxh5+ 1/2-1/2

[Event "HUN-chT 1920"]
[Site "Hungary"]
[Date "2019.11.17"]
[Round "2.6"]
[White "Horvath, Dominik"]
[Black "Kopasz, Robert"]
[Result "1/2-1/2"]
[WhiteElo "2436"]
[BlackElo "2351"]
[PlyCount "95"]
[EventDate "2019.11.16"]
[EventType "team-tourn"]
[EventRounds "9"]
[EventCountry "HUN"]
[SourceTitle "CBM 193 Extra"]
[Source "ChessBase"]
[SourceDate "2020.01.31"]
[SourceVersion "1"]
[SourceVersionDate "2020.01.31"]
[SourceQuality "1"]
[WhiteTeam "Aquaprofit"]
[BlackTeam "Maroczy"]
[WhiteTeamCountry "HUN"]
[BlackTeamCountry "HUN"]

1. d4 Nf6 2. c4 e6 3. g3 d5 4. Bg2 Be7 5. Nf3 0-0 6. Qc2 Nbd7 7. 0-0 c6 8. Nbd2 b6 9. e4 Ba6 10. b3 Rc8 11. Rd1 Bb7 12. Bb2 Qc7 13. e5 Ne8 14. cxd5 cxd5 15. Qxc7 Nxc7 16. Rac1 Na6 17. a3 Rxc1 18. Rxc1 Rc8 19. Rxc8+ Bxc8 20. Bf1 Nc7 21. Ne1 Ba6 22. Nb1 Kf8 23. Nc2 Nb8 24. Bxa6 Nbxa6 25. Kf1 Ke8 26. Ke2 Nb8 27. a4 Nc6 28. Ba3 f6 29. f4 Kf7 30. Bxe7 Kxe7 31. Kd3 Kf7 32. Nba3 a6 33. Kc3 Kg6 34. Ne3 h6 35. Nac2 f5 36. Ne1 Kh5 37. Nd3 g5 38. b4 g4 39. Nc2 Kg6 40. Na3 b5 41. a5 Kf7 42. Nb1 Ke7 43. Nd2 Kf7 44. Nb3 Ke7 45. Nbc5 Nd8 46. Ne1 Ke8 47. Ng2 Ke7 48. Ne1 1/2-1/2

[Event "Vojvodina-chT"]
[Site "Kovacica"]
[Date "2019.11.06"]
[Round "8.3"]
[White "Kopasz, Robert"]
[Black "Kosanovic, Dragan"]
[Result "1/2-1/2"]
[WhiteElo "2351"]
[BlackElo "2280"]
[PlyCount "83"]
[EventDate "2019.11.01"]
[EventType "team-tourn"]
[EventRounds "11"]
[EventCountry "SRB"]
[SourceTitle "CBM 192 Extra"]
[Source "Chessbase"]
[SourceDate "2019.11.06"]
[SourceVersion "1"]
[SourceVersionDate "2019.11.06"]
[SourceQuality "1"]
[WhiteTeam "Senta"]
[BlackTeam "Cosic Opovo Bata"]
[WhiteTeamCountry "SRB"]
[BlackTeamCountry "SRB"]

1. e4 e6 2. d4 d5 3. Nd2 dxe4 4. Nxe4 Nf6 5. Bd3 Nbd7 6. Nf3 c5 7. 0-0 Be7 8. c3 0-0 9. Nxc5 Nxc5 10. dxc5 Bxc5 11. Bg5 h6 12. Bh4 b6 13. Qe2 Bb7 14. Rad1 Qc7 15. Bxf6 gxf6 16. Be4 Rfd8 17. Bxb7 Qxb7 18. Rd3 Rxd3 19. Qxd3 Be7 20. Qe3 Kg7 21. Rd1 Rd8 22. Rxd8 Bxd8 23. Qd4 Be7 24. a3 Qc6 25. Ne1 Qd6 26. Nc2 Kf8 27. h3 Qe5 28. Kf1 Qf5 29. Ne1 Qb1 30. Qd2 h5 31. Qc2 Qxc2 32. Nxc2 Ke8 33. Ke2 f5 34. Kd3 Kd7 35. Kc4 a6 36. a4 Bc5 37. f3 Kc6 38. b4 Bf2 39. Nd4+ Bxd4 40. Kxd4 Kd6 41. g3 e5+ 42. Ke3 1/2-1/2